000
00290 a2200121 4500
000
nam a22 7a 4500
005
20260206123910.0
020
_a
9789395695831
100
_a
Anamika
_9
1114225
245
_a
Pragatisheel kavita ka vaan prasth
260
_b
Swaraj
_c
2025
942
_c
TEXL
999
_c
1678803
_d
1678803